Project guide / (Record no. 6841)

MARC details
000 -LEADER
fixed length control field 00350nam a2200133 4500
001 - CONTROL NUMBER
control field 7956
005 - DATE AND TIME OF LATEST TRANSACTION
control field 20181127184749.0
090 00 - LOCALLY ASSIGNED LC-TYPE CALL NUMBER (OCLC); LOCAL CALL NUMBER (RLIN)
Classification number (OCLC) (R) ; Classification number, CALL (RLIN) (NR) 006.7
245 00 - TITLE STATEMENT
Title Project guide /
Remainder of title
Statement of responsibility, etc.
Medium
260 00 - PUBLICATION, DISTRIBUTION, ETC.
Place of publication, distribution, etc. Mumbai India ;
Name of publisher, distributor, etc. APTECH LIMITED,
Date of publication, distribution, etc. 2010.
300 00 - PHYSICAL DESCRIPTION
Extent x, 142 pages : illustrations ; 23 cm.
650 00 - SUBJECT ADDED ENTRY--TOPICAL TERM
Topical term or geographic name entry element Web sites -- Design.
General subdivision
Holdings
Withdrawn status Lost status Source of classification or shelving scheme Damaged status Not for loan Collection code Home library Current library Shelving location Serial Enumeration / chronology Inventory number Total Checkouts Full call number Barcode Date last seen Price effective from Koha item type
    Dewey Decimal Classification     Main TEST RTC Library RTC Library Main opac 12033   006.7 PRO 30012594 27/11/2018 27/11/2018 Main
Royal Thimphu College || All Right Reserved